Heat and mass transfer (Record no. 5861)

000 -LEADER
fixed length control field 00529nam a2200205 4500
001 - CONTROL NUMBER
control field 5861
003 - CONTROL NUMBER IDENTIFIER
control field BD-DhUET
008 - FIXED-LENGTH DATA ELEMENTS--GENERAL INFORMATION
fixed length control field 700409m19679999is a b 000 0 eng
040 ## - CATALOGING SOURCE
Original cataloging agency DLC
Transcribing agency DLC
Modifying agency BD-DhUET
082 00 - DEWEY DECIMAL CLASSIFICATION NUMBER
Classification number 621.011
Item number ECK/1959
100 ## - MAIN ENTRY--PERSONAL NAME
Personal name Eckert, R. R. G.
245 00 - TITLE STATEMENT
Title Heat and mass transfer
250 ## - EDITION STATEMENT
Edition statement 2nd ed.
260 ## - PUBLICATION, DISTRIBUTION, ETC. (IMPRINT)
Place of publication, distribution, etc. New York
Name of publisher, distributor, etc. McGraw-Hill
Date of publication, distribution, etc. 1959
300 ## - PHYSICAL DESCRIPTION
Extent xiv, 530p.
490 1# - SERIES STATEMENT
Series statement McGraw-Hill series in mechanical engineering
650 #0 - SUBJECT ADDED ENTRY--TOPICAL TERM
Topical term or geographic name as entry element Heat-Transmission
700 ## - ADDED ENTRY--PERSONAL NAME
Personal name Drake, Robert M.
942 ## - ADDED ENTRY ELEMENTS (KOHA)
Koha item type General Book
Holdings
Koha date last borrowed Damaged status Lost status Withdrawn status Shelving location Price effective from Location (home branch) Koha issues (times borrowed) Koha normalized classification for sorting Koha item type Copy number Date acquired Piece designation (barcode) Sublocation or collection (holding branch) Not for loan Koha date last seen Source of classification or shelving scheme Koha full call number
    Circulation section2014-11-29Central Library, BUET 621_011000000000000_ECK_1959General Book 2014-11-2936668Central Library, BUET 2014-11-29 621.011/ECK/1959
    Circulation section2014-12-03Central Library, BUET 621_000000000000000_011ECK1959General Book22014-12-0314884Central Library, BUET 2014-12-03 621.011/ECK/1959
    Circulation section2015-04-12Central Library, BUET 621_011000000000000_ECK_1959General Book32015-04-1211302Central Library, BUET 2015-04-12 621.011/ECK/1959
    Circulation section2015-04-12Central Library, BUET 621_011000000000000_ECK_1959General Book42015-04-1231276Central Library, BUET 2015-04-12 621.011/ECK/1959
    Circulation section2015-04-12Central Library, BUET 621_011000000000000_ECK_1959General Book52015-04-1231274Central Library, BUET 2015-04-12 621.011/ECK/1959
    Circulation section2015-04-12Central Library, BUET 621_011000000000000_ECK_1959General Book62015-04-1231271Central Library, BUET 2015-04-12 621.011/ECK/1959
    Circulation section2015-04-12Central Library, BUET 621_011000000000000_ECK_1959General Book72015-04-1231272Central Library, BUET 2015-04-12 621.011/ECK/1959
2020-03-02   Circulation section2015-04-13Central Library, BUET1621_011000000000000_ECK_1959General Book82015-04-1331277Central Library, BUET 2021-11-28 621.011/ECK/1959
    Circulation section2015-04-13Central Library, BUET 621_011000000000000_ECK_1959General Book92015-04-1311301Central Library, BUET 2015-04-13 621.011/ECK/1959
    Circulation section2015-04-13Central Library, BUET 621_011000000000000_ECK_1959General Book102015-04-1311303Central Library, BUET 2015-04-13 621.011/ECK/1959
    Circulation section2015-04-13Central Library, BUET 621_011000000000000_ECK_1959General Book112015-04-1324625Central Library, BUET 2015-04-13 621.011/ECK/1959
    Circulation section2015-04-13Central Library, BUET 621_011000000000000_ECK_1959General Book122015-04-137652Central Library, BUET 2015-04-13 621.011/ECK/1959
    Circulation section2015-04-13Central Library, BUET 621_011000000000000_ECK_1959General Book132015-04-1324320Central Library, BUET 2015-04-13 621.011/ECK/1959
    Circulation section2015-04-13Central Library, BUET 621_011000000000000_ECK_1959General Book142015-04-1324976Central Library, BUET 2015-04-13 621.011/ECK/1959
    Circulation section2015-04-13Central Library, BUET 621_011000000000000_ECK_1959General Book152015-04-1331275Central Library, BUET 2015-04-13 621.011/ECK/1959
    Reading section2015-06-16Central Library, BUET 621_011000000000000_ECK_1959General Book162015-06-167655Central Library, BUET 2015-06-16 621.011/ECK/1959